Anar al contingut

Модели организации и управления при борьбе с лесными пожарами Монография

Guardat en:
Dades bibliogràfiques
Autor principal: Коморовский В.С
Format: Монография
Edició:1
Col·lecció:Научная мысль
Accés en línia:https://znanium.com/catalog/document?id=25927
https://znanium.com/cover/0315/315322.jpg
Etiquetes: Afegir etiqueta
Sense etiquetes, Sigues el primer a etiquetar aquest registre!
LEADER 01442nam0a2200301 i 4500
001 RU\infra-m\znanium\bibl\315322
003 https://znanium.com/catalog/document?id=25927
005 20241003000000.0
010 |a 978-5-16-005633-3 
100 |a 20241003d2012 m y0rusy0150 ca 
101 0 |a rus 
102 |a RU 
200 1 |a Модели организации и управления при борьбе с лесными пожарами  |e Монография 
205 |a 1 
210 1 |a Москва  |c ООО "Научно-издательский центр ИНФРА-М"  |d 2012 
215 |a 120 с. 
225 1 |a Научная мысль 
333 |a Дополнительное профессиональное образование 
606 |a Сельское хозяйство  |x Лесное хозяйство  |2 local 
608 |a Монография  |2 local 
675 |a 551.509.68  |z rus 
686 |a 43.48  |2 rubbk 
686 |a 20.03.01  |2 okso 
686 |a 20.04.01  |2 okso 
700 1 |a Коморовский  |b В.С.  |g Витольд Станиславович 
801 0 |a RU  |b Общество с ограниченной ответственностью «ЗНАНИУМ»  |c 20110530  |2 rusmarc 
856 4 |a znanium.com  |m ebs_support@infra-m.ru  |n НИЦ ИНФРА-М  |u https://znanium.com/catalog/document?id=25927 
856 4 1 |a znanium.com  |d /cover/0315  |f 315322.jpg  |q image/jpeg  |u https://znanium.com/cover/0315/315322.jpg